Postavenie krajín BRIC v produkcii tovarov s vysokou pridanou hodnotou bakalárska práca

Gespeichert in:
Bibliographische Detailangaben
1. Verfasser: Mrvová, Adriána
Körperschaft: Obchodná fakulta EU. Katedra medzinárodného obchodu
Weitere Verfasser: Zábojník, Stanislav, 1984-
Format: Buch
Sprache:Slowakisch
Veröffentlicht: Bratislava 2015
Tags: Tag hinzufügen
Keine Tags, Fügen Sie das erste Tag hinzu!

MARC

LEADER 00000nbm a2200000 4500
001 0203248
005 20161212105608.5
041 0 |a slo 
044 |a SK 
245 1 0 |a Postavenie krajín BRIC v produkcii tovarov s vysokou pridanou hodnotou  |b bakalárska práca  |c Adriána Mrvová ; školiteľ: Stanislav Zábojník 
264 1 |a Bratislava  |c 2015 
300 |a 64 s. 
100 1 |a Mrvová, Adriána 
700 1 |a Zábojník, Stanislav, 1984- 
710 2 |a Obchodná fakulta EU. Katedra medzinárodného obchodu